| 000 | 05704cam a22007934i 4500 | ||
|---|---|---|---|
| 003 | PE-LiUPU | ||
| 005 | 20250731180152.0 | ||
| 008 | 150706s2012 sp a ri 000 0 spa d | ||
| 020 | _a8480866470 | ||
| 020 | _a9788480866477 | ||
| 035 | _a(Sirsi) i9788480866477 | ||
| 040 |
_aPE-LiUPU _bspa _cPE-LiUPU _erda |
||
| 049 | _aPRUA | ||
| 082 | 0 | 4 |
_a574.88 _bH44 _221 |
| 100 | 1 |
_aHerráez Sánchez, Ángel, _eautor. |
|
| 245 | 1 | 0 |
_aTexto ilustrado e interactivo de biología molecular e ingeniería genética : _bconceptos, técnicas y aplicaciones en ciencias de la salud / _cÁngel Herráez. |
| 250 | _a2a edición. | ||
| 264 | 1 |
_aBarcelona : _bElsevier, _c2012. |
|
| 300 |
_axxiii, 512 páginas : _bilustraciones ; _c28 centímetros |
||
| 336 |
_atext _2rdacontent |
||
| 337 |
_aunmediated _2rdamedia |
||
| 338 |
_avolume _2rdacarrier |
||
| 500 | _aEn la portada: "Autores de la primera edición: José Luque y Ángel Herráez" . | ||
| 504 | _aIndice : páginas 481-512. | ||
| 505 | 0 | _aEstructura y función del material genético -- Introducción y aspectos generales -- Componentes de los ácidos nucleicos -- Estructura primaria de ácidos nucleicos -- Estructura secundaria del B-DNA -- Variaciones en la estructura del DNA -- Estructura y función de los RNA -- Condensación del DNA y cromosomas -- El genoma en el ciclo celular -- Organización del genoma eucariótico -- Preparación de muestras, extracción y análisis de ácidos nucleicos -- Transmisión de la información genética y tecnologías relacionadas -- Replicación del DNA -- Hibridación de ácidos nucleicos -- Clonación y células madre -- Clonación acelular: reacción en cadena de la polimerasa (PCR) -- Clonación celular: tecnología del DNA recombinante -- Genómica, cartografía del genoma y secuenciación -- Expresión génica -- Transcripción -- Control de la expresión génica: pretranscripcional y transcripcional -- Maduración del RNA o procesamiento postranscripcional -- El código genético -- Síntesis de proteínas: traducción -- Modificaciones postraduccionales: distribución, maduración, plegamiento y degradación de proteínas -- Aspectos aplicados -- Bases moleculares de la mutación y la reparación del DNA -- Diversidad del genoma: polimorfismos -- Enfermedades moleculares -- Bases moleculares del cáncer. | |
| 526 | _aSEG44 | ||
| 526 | _aSEG26 | ||
| 526 | _aP159 | ||
| 526 | _aP155 | ||
| 526 | _aP154 | ||
| 526 | _aP153 | ||
| 526 | _aP150 | ||
| 526 | _aP100 | ||
| 526 | _aP31 | ||
| 526 | _aP30 | ||
| 526 | _aP26 | ||
| 526 | _aP25 | ||
| 526 | _aP24 | ||
| 526 | _aP22 | ||
| 526 | _aP15 | ||
| 526 | _aP10 | ||
| 541 | _g001-000089; | ||
| 541 | _g001-000089; | ||
| 541 | _g001-000133; | ||
| 541 | _g001-000133; | ||
| 541 | _g001-000133; | ||
| 541 | _g001-000133; | ||
| 650 | 0 | 4 |
_aBiología molecular. _9709 |
| 650 | 0 | 4 | _aIngeniería genética. |
| 910 |
_agl _clch _d20131218 |
||
| 910 |
_ajck _bncf _cncf _d20170724 |
||
| 942 |
_2ddc _cBOOK |
||
| 949 |
_a574.88 H44 _wDEWEY _c1 _i67687 _lCCODEBUL1 _mBUL _p68.00 _r0 _sY _tBOOK _u2015-7-6 _xSALUD _PP30 _o.STAFF. Colección General |
||
| 949 |
_a574.88 H44 _wDEWEY _c2 _i67688 _lCCODEBUL1 _mBUL _p68.00 _r0 _sY _tBOOK _u2015-7-6 _xSALUD _PP30 _o.STAFF. Colección General |
||
| 949 |
_a574.88 H44 _wDEWEY _c3 _i69626 _lCCODEBUL1 _mBUL _p137.00 _r0 _sY _tBOOK _u2015-7-6 _xSALUD _PP30 _o.STAFF. Colección General |
||
| 949 |
_a574.88 H44 _wDEWEY _c4 _i69627 _lCCODEBUL1 _mBUL _p137.00 _r0 _sY _tBOOK _u2015-7-6 _xSALUD _PP30 _o.STAFF. Colección General |
||
| 949 |
_a574.88 H44 _wDEWEY _c5 _i69628 _lCCODEBUL1 _mBUL _p137.00 _r0 _sY _tBOOK _u2015-7-6 _xSALUD _PP30 _o.STAFF. Colección General |
||
| 949 |
_a574.88 H44 _wDEWEY _c6 _i69629 _lCCODEBUL1 _mBUL _p137.00 _r0 _sY _tBOOK _u2015-7-6 _xSALUD _PP30 _o.STAFF. Colección General |
||
| 994 |
_aC0 _bPEPRU |
||
| 596 | _a1 | ||
| 999 |
_a574.88 H44 _wDEWEY _c55278 _i67687 _d55278 _e2022-6-27 _f2021-11-5 _g5 _lCCODEBUL1 _mBUL _n14 _p68.00 _q7 _r0 _sY _tBOOK _u2015-7-6 _xBIBLIOTECA _PP30 _0COMPRA _o.STAFF. Colección Ciencias de la Salud |
||
| 999 |
_a574.88 H44 _wDEWEY _c2 _i67688 _d2022-6-27 _e2022-6-27 _f2021-11-5 _g5 _lCCODEBUL1 _mBUL _n11 _p68.00 _q4 _r0 _sY _tBOOK _u2015-7-6 _xBIBLIOTECA _PP30 _0COMPRA _o.STAFF. Colección Ciencias de la Salud |
||
| 999 |
_a574.88 H44 _wDEWEY _c3 _i69626 _d2022-7-11 _e2022-7-11 _f2021-11-5 _g5 _lCCODEBUL1 _mBUL _n6 _p137.00 _q1 _r0 _sY _tBOOK _u2015-7-6 _xBIBLIOTECA _PP30 _0COMPRA _o.STAFF. Colección Ciencias de la Salud |
||
| 999 |
_a574.88 H44 _wDEWEY _c4 _i69627 _d2019-5-7 _e2019-4-25 _f2021-11-5 _g5 _lCCODEBUL1 _mBUL _n8 _p137.00 _r0 _sY _tBOOK _u2015-7-6 _xBIBLIOTECA _PP30 _0COMPRA _o.STAFF. Colección Ciencias de la Salud |
||
| 999 |
_a574.88 H44 _wDEWEY _c5 _i69628 _d2019-11-7 _e2019-5-27 _f2021-11-5 _g5 _lCCODEBUL1 _mBUL _n12 _p137.00 _q2 _r0 _sY _tBOOK _u2015-7-6 _xBIBLIOTECA _PP30 _0COMPRA _o.STAFF. Colección Ciencias de la Salud |
||
| 999 |
_a574.88 H44 _wDEWEY _c6 _i69629 _d2019-6-13 _e2019-6-12 _f2021-11-5 _g5 _lCCODEBUL1 _mBUL _n10 _p137.00 _q2 _r0 _sY _tBOOK _u2015-7-6 _xBIBLIOTECA _PP30 _0COMPRA _o.STAFF. Colección Ciencias de la Salud |
||
| 999 |
_a574.88 H44 _wDEWEY _c7 _i76572 _d2019-6-16 _e2019-6-11 _f2021-11-5 _g4 _lCCODEBUL1 _mBUL _n11 _p49.23 _q4 _r0 _sY _tBOOK _u2017-7-24 _xBIBLIOTECA _PP30 _0COMPRA _o.STAFF. Colección Ciencias de la Salud |
||
| 980 |
_81 _gALBERTO SANCHEZ Responsable de Automatización |
||